000 00550nam a22001937a 4500
003 KOHA_MİRAKIL
005 20251125125726.0
008 251125b tu ||||| |||| 00| 0 tur d
020 _a9786054906826
040 _aTR-AnABB
_btur
_cTR-AnABB
041 _atur
082 _a813.42
_bKUR 2020
100 1 _aKurşunluoğlu, Mehmed Kemal,
245 1 0 _aPulsuz tavla /
_cMehmed Kemal Kurşunoğlu
260 _aİstanbul :
_bH2o Kitapçılık,
_c2020
300 _a149 sayfa ;
_c19 cm
650 0 4 _aTürk edebiyatı, roman
942 _2ddc
_cBK
999 _c9636
_d9636
900 _bGizem YORULMAZ